LEADER 01055nam a2200265 i 4500 001 000000076593 003 CaOOAMICUS 005 20120525000000.0 008 120525s1995 it u000 u ita u 013 $a47765 020 $a88-7144-510-4 040 $aSeMil$bita 245 10$aPer un'etica dell'ambiente /$cSalvatore Privitera (a cura di) 260 $aRoma :$bArmando,$cstampa 1995. 300 $a173 p. ;$c21 cm. 490 0 $aCollectio Bioethica ;$vN.9 650 4$aEcologia e morale.$0(OLS)http://semarc/subject/5552 700 1 $aPrivitera, Salvatore <1945-2004>.$0(OLS)http://semarc/name/2522 830 0$aCollectio Bioethica ;$vN.9.$0(OLS)http://semarc/title/5737 850 $aSeMil 852 $aSeMil$W1$xVenegono$y1$m2E I 389$j42745$B42745$CSeMilBibl$Z2$F70638 $81 961 $aAcquisto: Istituto Siciliano di Bioetica 996 $6020$a88-7144-510-4$9(OLS)http://semarc/number/57593 996 $6245$aPer un'etica dell'ambiente$9(OLS)http://semarc/title/124192 996 $6260$aRoma :$bArmando$9(OLS)http://semarc/publisher/29857 LEADER 01174nam a2200277 i 4500 001 000000099544 003 CaOOAMICUS 005 20181030154944.0 008 111114s1998 it u000 u ita u 013 $a71696 020 $a88-339-1066-0 040 $aSeMil$bita 240 10$aZivilisation im Übergang.$0(OLS)http://semarc/title/147041 245 10$aCiviltà in transizione :$bil periodo fra le due guerre. 300 $aIX, 457 p. ;$c22 cm. 490 0 $aGli archi [Bollati Boringhieri] 600 14$aJung, Carl Gustav <1875-1961>.$0(OLS)http://semarc/subject/4103 650 4$aPsicologia - Studi.$0(OLS)http://semarc/subject/2427 700 1 $aJung, Carl Gustav,$d<1875-1961>.$0(OLS)http://semarc/name/6144 773 0 $tOpere di C. G. Jung.$dTorino : Paolo Boringhieri, 1970-1998.$g10$w()25778 830 4$aGli archi.$0(OLS)http://semarc/title/419624 850 $aSeMil 852 $aSeMil$W1$xVenegono$y1$m56 2 10.1 *$j57000$B57000$CSeMilBibl$Z2$F67055 $81 996 $6020$a88-339-1066-0$9(OLS)http://semarc/number/79635 996 $6245$aCiviltà in transizione :$bil periodo fra le due guerre$9(OLS)http://semarc/title/147040